Capitals of Countries that Begin with B - Statistics

General Stats
  • This quiz has been taken 264 times
    174 since last reset
  • The average score is 15 of 19
Answer Stats
Hint Answer % Correct
Belgium Brussels
98%
Belarus Minsk
98%
Brazil Brasilia
97%
Bolivia 1 La Paz
97%
Bahamas Nassau
93%
Bosnia and Herzegovina Sarajevo
93%
Bulgaria Sofia
93%
Bangladesh Dhaka
92%
Bolivia 2 Sucre
91%
Belize Belmopan
82%
Barbados Bridgetown
80%
Bahrain Manama
77%
Bhutan Thimphu
72%
Burkina Faso Ouagadougou
71%
Botswana Gaborone
70%
Benin Porto Novo
63%
Burundi 1 Gitega
61%
Brunei Bandar Seri Begawan
58%
Burundi 2 Bujumbura
42%
No matching quizzes found
Score Distribution
Percent of People with Each Score
Percentile by Number Answered
Your Score History
You have not taken this quiz since the last reset